| 000 | 00870nas a2200277 4500 | ||
|---|---|---|---|
| 001 | BR2011004645 | ||
| 003 | BR-BrBNA | ||
| 005 | 20231205115530.0 | ||
| 007 | ta | ||
| 008 | 230509b bl.|||p| |||| 00| 00por d | ||
| 040 |
_aBR-BrBNA _bpor _cBiblioteca Nacional de Agricultura |
||
| 041 | _a(Pt) | ||
| 072 | _aJ11 | ||
| 100 | 1 | _aVieira, L.M. | |
| 100 | 1 | _aCarvalho, M.J. de | |
| 100 | 1 | _aFinger, F.L. | |
| 245 | 1 | _aAvaliação da taxa respiratória e produção de etileno em frutos de quiabeiro armazenados sob refrigeração | |
| 650 | _aQUIABO | ||
| 650 | _aABELMOSCHUS ESCULENTUS | ||
| 650 | _aARMAZENAMENTO | ||
| 650 | _aTEMPERATURA | ||
| 650 | _aPÓS-COLHEITA | ||
| 773 | 0 |
_tRevista Brasileira de Armazenamento (Brazil) _xISSN 0100-3518 _g(2008), v. 33(2) p. 114-118 _wBR2011004645 |
|
| 909 |
_a202311 _bLúcia _c55 _dLúcia Elande |
||
| 942 |
_2AGRIS _n0 _cANA |
||
| 999 |
_c214282 _d214282 |
||